Países de Katseye! - Estadísticas

Estadísticas generales
  • Esta prueba ha sido intentada 15 veces
    11 desde el último reinicio
  • La puntuación promedio es 10 de 14
Estadísticas de respuestas
Continente País % Correcto
Asia China
89%
América Cuba
89%
América Estados Unidos
89%
Asia India
89%
América Venezuela
89%
Europa Alemania
78%
Asia Corea del Sur
78%
Asia Filipinas
78%
África Ghana
78%
Europa Italia
78%
Europa Suiza
56%
Asia Singapur
33%
Asia Sri Lanka
22%
Europa Suecia
22%
No se encontraron pruebas coincidentes
Distribución de puntuación
Porcentaje de gente con cada puntuación
Porcentaje por número respondido
Historial de tus puntuaciones
No has intentado esta prueba desde el último reinicio